Akcie LR Crystal držať Akcionári rozhodli reinvestovať, zabezpečiť modernizačný program a konkurencieschopnosť

Bibliographic Details
Main Author: Kukučka, Jaroslav (Author)
Format: Article
Language:Slovak
PhysicalDescription:Obr. 1, tab. 2
Subjects:

MARC

LEADER 00000nab a2200000 a 4500
001 vtls000631511
003 SK-MaSNL
005 20260302201018.0
008 160401c1997 xo 0 slo
015 |a SNBRB19rr/mm-uuuuu 
035 |a CL0631650 
040 |a SNKBUCL  |b slo  |c SNKBUCL  |e AACR2 
041 0 |a slo 
044 |a xo  |c SK 
080 |a 666.28:061.5(437.6)  |2 1981 
080 |a 336.763  |2 1981 
100 1 |a Kukučka, Jaroslav  |4 aut  |9 491870 
245 1 0 |a Akcie LR Crystal držať  |b Akcionári rozhodli reinvestovať, zabezpečiť modernizačný program a konkurencieschopnosť  |c Jaroslav Kukučka 
300 |b Obr. 1, tab. 2 
650 0 7 |a LR CRYSTAL, a.s., Lednické Rovne  |2 snkbucl  |9 920688 
650 0 7 |a akcie (ekon.)  |2 snkbucl  |9 893758 
651 7 |a 5307  |2 snkbucl  |9 284648 
655 7 |a články z novín a časopisov  |2 snkbucl  |9 267496 
773 0 |t Slovenský profit  |g Roč. 5, č. 30 (1997) 
773 0 |t [Príl.] Profit invest  |g Č. 30 (1997), s. 4 
850 |a Slovenská národná knižnica v Martine  |a MTA001 
852 |a SNK  |b KIS3GCP 
958 |a SK 
958 |a RK 
958 |a RBX 
999 |c 1459233  |d 1461163